000
00206 a2200097 4500
001
53147
100
_a
Raucher H
245
_a
Maynard's House
260
_a
London
_b
Hamlyn Books
_c
090
_c
33434
_d
33434
942
_a
NUST-CAE
_c
M
_c
26041
999
_c
288220
_d
288220